000 00410nam a22001697a 4500
003 MPLRDC
005 20220104142609.0
008 210129b ||||| |||| 00| 0 eng d
082 _a802.3 LSX
100 _a刘叔新
245 _a词汇学和词典学问题研究
_c
250 _a一版一刷
260 _a
_b天津人民出版社
_c1984
300 _b
650 _a词典
942 _cBK
_o802.3 LSX
999 _c32168
_d32158